| 000 | 01504nam a22002777a 4500 | ||
|---|---|---|---|
| 999 |
_c21122 _d21122 |
||
| 003 | AR-CdUCM | ||
| 008 | 190315b ||||| |||| 00| 0 spa d | ||
| 040 |
_aMUNICIPALIDAD PROVINCIAL DEL CUSCO _cBIBLIOTECA MUNICIPAL DEL CUSCO |
||
| 082 |
_a030 / _bR741 |
||
| 110 |
_aRevista Gente / _944032 |
||
| 245 | _aLos mejores libros de la literatura española / | ||
| 260 |
_aLima : _bEditorial Santiago Limitada, _c1987. |
||
| 300 |
_a24 volúmenes, _c17 cm. |
||
| 440 |
_aMejores libros de la literatura española _918156 |
||
| 505 | _aContenido : v.1 El cantar del Mio Cid -- v.4 : Don Quijote de la Mancha I -- v.5 : Don Quijote de la Mancha II -- v.6 : Don Quijote de la Mancha III -- v.8 : Don Quijote de la Mancha V -- v.9 : El Burladpr de sevilla -- v.10 : El Lazarillo de Tormes -- v.11 : Don Juan Tenorio -- v.12 : La Celestina I -- v.13 : La Celestina II -- V.14: Poesia selecta I -- v.15 : El conde Lucanor -- v.16 : Poesia selecta II -- v.17 : Vda del buscon Don Pablos -- v.18 : Poesia Sacra -- v.19 : Articulos de Costumbres -- v.20 : Marianela -- v.21 : Rimas y Leyendas -- v.22 : Niebla I -- v.23 : Niebla II -- v.24 : Poesia Seelecta III.. | ||
| 650 |
_aLiteratura española _944033 |
||
| 650 |
_aColección _92826 |
||
| 650 |
_aSiglo XX _98 |
||
| 700 |
_aRojas, Fernando _944034 |
||
| 700 |
_aMachacado, Antonio _944035 |
||
| 700 |
_aCervantes, Migue _944036 |
||
| 700 |
_aMolina,Tirso _944037 |
||
| 710 |
_aBanco de la Nación. _944038 |
||
| 942 |
_2ddc _cLIBROS |
||
| 945 | _adavv | ||